00386nam a2200157Ia 4500003000400000008004100004040001600045082001300061100001700074245003600091260003000127300001000157490002400167650001500191650002200206GCL140319s9999 xx 000 0 eng d aGCL / cGCL04a843bA B1 aAYME, MARCEL10aLA BELLE IMAGE / cAYME, MARCEL a[S.N] : bFOLIO ، c1990 a280 P aCOLLECTION FOLIOv004aLITERATURE04aFRENCH LITERATURE